Employment, distribution, and basic needs in Pakistan : (Record no. 541732)
[ view plain ]
| 000 -LEADER | |
|---|---|
| fixed length control field | 00720cam a2200193 a 4500 |
| 082 0# - DEWEY DECIMAL CLASSIFICATION NUMBER | |
| Classification number | 330.9549/1 |
| Author Mark | MAH |
| -- | D |
| 245 00 - TITLE STATEMENT | |
| Title | Employment, distribution, and basic needs in Pakistan : |
| Remainder of title | essays in honour of Jawaid Azfar / |
| Statement of responsibility, etc. | edited by Mahbub ul Haq, Moin Baqai. |
| 250 ## - EDITION STATEMENT | |
| Edition statement | 1st ed. |
| 260 ## - PUBLICATION, DISTRIBUTION, ETC. | |
| Place of publication, distribution, etc. | Lahore : |
| Name of publisher, distributor, etc. | Progressive Publishers, |
| Date of publication, distribution, etc. | 1986. |
| 300 ## - PHYSICAL DESCRIPTION | |
| Extent | xxxiv, 408 p., [1] leaf of plates : |
| Other physical details | port. ; |
| Dimensions | 22 cm. |
| 526 ## - STUDY PROGRAM INFORMATION NOTE | |
| Program name | 0 |
| Interest level | 0 |
| Reading level | 0 |
| Title point value | 330_954910000000000_MAH |
| 650 #0 - SUBJECT ADDED ENTRY--TOPICAL TERM | |
| Topical term or geographic name entry element | Income distribution |
| Geographic subdivision | Pakistan. |
| 9 (RLIN) | 36754 |
| 650 #0 - SUBJECT ADDED ENTRY--TOPICAL TERM | |
| Topical term or geographic name entry element | Labor supply |
| Geographic subdivision | Pakistan. |
| 9 (RLIN) | 36755 |
| 650 #0 - SUBJECT ADDED ENTRY--TOPICAL TERM | |
| Topical term or geographic name entry element | Rural poor |
| Geographic subdivision | Pakistan. |
| 9 (RLIN) | 36756 |
| 700 1# - ADDED ENTRY--PERSONAL NAME | |
| Personal name | Azfar, Jawaid, |
| 9 (RLIN) | 36757 |
| 700 1# - ADDED ENTRY--PERSONAL NAME | |
| Personal name | Baqai, Moin. |
| 9 (RLIN) | 36758 |
| 700 1# - ADDED ENTRY--PERSONAL NAME | |
| Personal name | Haq, Mahbub ul, |
| 9 (RLIN) | 36759 |
| 942 ## - ADDED ENTRY ELEMENTS (KOHA) | |
| Source of classification or shelving scheme | |
| Koha item type | Book |
| Withdrawn status | Lost status | Source of classification or shelving scheme | Damaged status | Not for loan | Permanent Location | Current Location | Date acquired | Total Checkouts | Full call number | Barcode | Date last seen | Copy number | Price effective from | Koha item type |
|---|---|---|---|---|---|---|---|---|---|---|---|---|---|---|
| Military College of Engineering (MCE) | Military College of Engineering (MCE) | 08/26/2013 | 330.9549/1 MAH | MCE-45001 | 08/26/2013 | 1 | 08/26/2013 | Book |
